000 00710cab a2200205 4500
001 WB3032-74
008 090401t1994 xxu||||| |||| 00| 0 eng d
035 _a(Sirsi) u37095
041 _aeng
245 _aArchitect`s construction role
260 _c1994
350 _a0
490 _aBuilding Design
_v(1186) 26 August 1994, 5(1)
520 _aThe new format for Arcuk should include powers to stop architects practising other construction industry skills without appropriate qualifications according to the RTPI.
650 _aARCHITECTS REGISTRATION
650 _aCONSTRUCTION PROFESSIONALS
690 _aMANAGEMENT-BUSINESS MANAGEMENT-PROFESSIONAL PRACTICE
942 _n0
948 _c04/03/1997
999 _c24002
_d24002